| 000 | 00716nam a2200217Ia 4500 | ||
|---|---|---|---|
| 005 | 20220818145218.0 | ||
| 008 | 210716s2007 xx 000 0 und d | ||
| 020 | _a978818052250 | ||
| 040 | _cAIMIT LIBRARY | ||
| 041 | _aeng | ||
| 082 |
_a570.15195 _22 _bRASV |
||
| 100 |
_aRastogi, Veer Bala. _955004 |
||
| 245 |
_aFundamentals of biostatistics / _cBy Veer Bala Rastogi |
||
| 250 | _a2nd ed. | ||
| 260 |
_aNew Delhi : _bAne Books India , _c2007. |
||
| 300 |
_axiii,438p. ; _c24 cm. |
||
| 650 |
_aUse of decimal logarithm amd antilogarithm _955005 |
||
| 650 |
_aClassification of data and frequency distribution _955006 |
||
| 650 |
_aCorrelation and regression _955007 |
||
| 942 |
_2ddc _cBK _e2nd _k570.15195 RASV |
||
| 999 |
_c190206 _d190206 |
||